| 000 | 00549nam a2200181 i 4500 | ||
|---|---|---|---|
| 001 | 81455 | ||
| 003 | ES-MaACL | ||
| 005 | 20230906174435.0 | ||
| 007 | t| | ||
| 008 | 041104s1909 fr ||||1| fre d | ||
| 100 | 1 |
_aHuret, Jules. _964764 |
|
| 245 | 1 | 0 |
_aEn Allemagne _b: de Hamburg aux marches de Pologne / _cJules Huret. |
| 260 |
_aParis : _b[s.n.], _c1909 ( _fMotteroz et Martinet) |
||
| 300 |
_a497 p. ; _c18 cm. |
||
| 651 | 4 |
_aHamburgo- _yS.XIX. _9164035 |
|
| 651 |
_aAlemania- _xSituación social- _yS.XIX. _9174119 |
||
| 852 |
_aES-MaACL _jD-2888 |
||
| 999 |
_c81455 _d81455 |
||